000
00295nam a22001337a 4500
008
260414b ||||| |||| 00| 0 eng d
020
_a
189165408
041
_a
Shqip- Eng
080
_a
00.1
100
_a
20
101
_a
poezi
245
_a
Call Me by Name
_c
Flora Brovina
942
_2
udc
_c
BK
999
_c
60969
_d
60969